000 00803nam a2200229 a 4500
999 _c12168
_d12168
001 12168
003 BD-JhCC
005 20210322124322.0
008 210322s2012 bg a|||| |||| 000 0 ban d
020 _a9789848980729
035 _a(BD-JhCC)12168
040 _aBD-JhCC
_dBD-JhCC
041 _aban
082 _a005.72
_bRAH 2012
100 _aরহমান, মাহবুবুর
245 _aএডোবি ড্রিমওয়েভার সিএস ৩ /
_cমাহবুবুর রহমান,
260 _aঢাকা :
_bসিসটেক পাবলিকেশন্স,
_c২০১২.
300 _a৩৪৩ পৃ. :
_bচিত্রাবলী,
_c২৪ সেমি.
650 _aDreamweaver (Computer file)
650 _aWeb sites--Design
942 _2ddc
_cBK